Sports Quiz

Random Sports or Cricket Quiz
Score 0/181 Timer 20:00
0 Plays Today
Team Player % Correct
AusSteven Smith
98%
SAGraeme Smith
97.9%
EngAlastair Cook
97.1%
SAStephen Cook
96.1%
SAHashim Amla
95.5%
AusMichael Clarke
94.3%
SLKumar Sangakkara
93.6%
SAAB de Villiers
93.5%
AusDavid Warner
93.5%
IndVirat Kohli
93.1%
EngJoe Root
92.2%
PakYounis Khan
91.9%
NZRoss Taylor
91.7%
EngIan Bell
91.5%
ZimBrendan Taylor
91.3%
EngKevin Pietersen
89.7%
ZimSean Williams
89.2%
IndSachin Tendulkar
89.2%
NZKane Williamson
88.7%
SAJacques Kallis
88.6%
SLMahela Jayawardene
87.8%
SLPrasanna Jayawardene
87.5%
EngMoeen Ali
87.4%
WIChris Gayle
86.9%
PakAbid Ali
86.5%
IndRahul Dravid
86.4%
NZBrendon McCullum
85.8%
IndMS Dhoni
85.3%
PakAzhar Ali
84.1%
EngJonathan Trott
83.3%
EngBen Stokes
83%
IndCheteshwar Pujara
82.6%
WIShivnarine Chanderpaul
82.1%
AusRicky Ponting
81.8%
EngJonny Bairstow
81.3%
IndVirender Sehwag
80.9%
EngAndrew Strauss
79.9%
AusMichael Hussey
79.1%
PakMisbah-ul-Haq
77.5%
BanShakib Al Hasan
76.3%
IndRohit Sharma
75.7%
SAFaf du Plessis
75.6%
SAQuinton de Kock
75.5%
BanTamim Iqbal
75.5%
EngJos Buttler
75.1%
WIDarren Bravo
75.1%
IndVVS Laxman
75%
EngMatt Prior
74.7%
SLTillakaratne Dilshan
74.2%
AusBrad Haddin
73.8%
IndAjinkya Rahane
73%
AusShane Watson
72.9%
EngStuart Broad
72.7%
SLAngelo Mathews
72.1%
IndShikhar Dhawan
71.5%
IndGautam Gambhir
70.5%
PakSalman Butt
69.8%
PakBabar Azam
69.7%
AusMitchell Marsh
68.3%
AusUsman Khawaja
67.6%
EngRory Burns
67.3%
Team Player % Correct
NZMartin Guptill
67.1%
NZTom Latham
66.9%
SADean Elgar
66.8%
IndHarbhajan Singh
66.6%
WIJason Holder
65.3%
AusShaun Marsh
65.3%
EngPaul Collingwood
64.9%
IndMurali Vijay
64.4%
WIShai Hope
63.7%
IndRavindra Jadeja
63.5%
AusAdam Voges
63.2%
AusChris Rogers
62.6%
IndRishabh Pant
62.3%
BanMushfiqur Rahim
60.8%
WIKraigg Brathwaite
60.5%
IndRavichandran Ashwin
60.5%
AusMarnus Labuschagne
60.4%
IndLokesh Rahul
60.2%
SLDinesh Chandimal
60%
SAJP Duminy
59.6%
AusJoe Burns
58.8%
WIMarlon Samuels
58.7%
EngChris Woakes
58.6%
NZBJ Watling
58.4%
AusMatthew Wade
58.2%
AusPhillip Hughes
58.1%
IndKarun Nair
57.1%
PakMohammed Hafeez
56.6%
PakSarfraz Ahmed
56.3%
EngKeaton Jennings
55.1%
SLKusal Mendis
55.1%
IndMayank Agarwal
54.3%
PakShoaib Malik
54.2%
NZDaniel Vettori
53.7%
EngGary Ballance
53.2%
EngAdam Lyth
53.1%
WIDenesh Ramdin
53.1%
AusSimon Katich
52.6%
AusTravis Head
52.5%
EngEoin Morgan
51.7%
SLKusal Perera
51.6%
SLDananjaya de Silva
51.6%
EngSam Robson
51.6%
SLDimuth Karunaratne
51.5%
EngNick Compton
51.5%
SATemba Bavuma
50.6%
IndWriddhiman Saha
50.1%
SAAiden Markram
49.7%
BanAbul Hasan
49.3%
SLThilan Samaraweera
49.1%
IndSuresh Raina
49%
SAAlviro Petersen
48.7%
PakAsad Shafiq
48.4%
AusMarcus North
47.8%
SLKaushal Silva
46.7%
ZimHamilton Masakadza
46.3%
BanMahmudullah
45.5%
EngDawid Malan
44.5%
BanMohammad Ashraful
44.4%
PakYasir Shah
44.3%
NZHenry Nicholls
44%
Team Player % Correct
AusMatt Renshaw
43.7%
AusGlenn Maxwell
43.7%
PakRahmat Shah
43.7%
SLRoshen Silva
43.5%
WIDarren Sammy
43.3%
AusEd Cowan
42.9%
IndPrivthi Shaw
41.9%
EngBen Foakes
41.3%
AusPeter Handscomb
41.2%
WIRoston Chase
39.7%
BanImrul Kayes
39.1%
BanMonimul Haque
38.4%
NZJesse Ryder
38.3%
NZCorey Anderson
37.7%
SLUpul Tharanga
37.3%
NZJames Neesham
36.6%
NZHamish Rutherford
35.8%
SAJacques Rudolph
35.7%
NZColin de Grandhomme
35%
IreKevin O'Brien
35%
NZPeter Fulton
34.6%
PakTaufeeq Umar
34.6%
IndHardik Pandya
34.6%
ZimCraig Ervine
33.6%
IndHanuma Vihari
33.6%
WIKieran Powell
33.3%
IndJayant Yadav
32.4%
SLLahiru Thirimanne
31.9%
WIJermaine Blackwood
31%
WIShane Dowrich
30.8%
NZJeet Raval
30.7%
NZMitchell Santner
30.3%
BanNasir Hossain
29.5%
PakShan Masood
28.5%
PakAhmed Shehzad
28.3%
AusKurtis Patterson
27.3%
WIKirk Edwards
27.2%
ZimSikandar Raza
27%
BanSoumya Sarkar
25.9%
SAStiaan van Zyl
23.5%
BanNaeem Islam
22.6%
NZTom Blundell
22%
PakHaris Sohail
21.1%
WIBrendan Nash
20.9%
SLTharanga Paranavitana
20%
ZimGraeme Cremer
19.6%
SLOshada Fernando
19.1%
BanShamsur Rahman
19%
NZTim McIntosh
18.6%
SATheunis de Bruyn
18.3%
ZimTino Mawoyo
16.1%
NZDean Brownlie
15.8%
BanSohag Gazi
15.7%
BanJunaid Siddique
15.7%
SLAsela Gunaratne
14.6%
PakKhurram Manzoor
14.5%
ZimRegis Chakabva
12.5%
WIShamarh Brooks
11.8%
SLKithuruwan Vithanage
9.9%
Remove Ads.
Support Sporcle.
Get the best of Sporcle when you Go Orange. This ad-free experience offers more features, more stats, and more fun while also helping to support Sporcle. Thank you for becoming a member.

You're not logged in!

Compare scores with friends on all Sporcle quizzes.
OR
Log In

Show Comments

Extras

Top Quizzes Today


Score Distribution

Your Account Isn't Verified!

In order to create a playlist on Sporcle, you need to verify the email address you used during registration. Go to your Sporcle Settings to finish the process.

Report this User

Report this user for behavior that violates our Community Guidelines.

Details: